Cadernos de processo do trabalho n. 22

Detalles Bibliográficos
Formato: eBook
Lenguaje:portugués
Publicado: San Pablo: LTR, 2019
Materias:
Acceso en línea:Acceso restringido

MARC

LEADER 00000nam a22000007a 4500
005 2019090904434.0
007 cr|||| ||||
008 190909s2019 br |||||s|||| 00||0 por d
020 |a 978-85-361-9926-9 
035 |a 30231 
040 |a vLex 
090 |c 9437  |d 9437 
245 0 0 |a Cadernos de processo do trabalho n. 22  |h [Recurso electrn̤ico] / 
256 |a Servicio en ln̕ea 
260 |a San Pablo:  |b LTR,  |c 2019 
300 |a 1 recurso electrn̤ico 
506 1 |a Disponible solo en los productos indicados  |d vLex Global  |d vLex Global (Academic Edition, excluding Law Schools)  |d vLex Global (U.S. Academic Edition, Law Schools)  |d vLex Global (U.S. Academic Edition, excluding Law Schools)  |d vLex Global (Academic Edition, Law Schools) 
650 0 4 |a Comercio  |z Brasil 
740 0 |a vLex Libros (Servicio en ln̕ea) 
856 4 0 |u http://vlex.com/source/cadernos-processo-trabalho-n-22-30231  |z Acceso restringido 
942 |c BOOK 
999 0 |a Commerce